00269 a2200121 4500001000700000020001800007040003500025100002300060240002600083245002100109300000800130362000900138156857 a9788541805889 cEscola São Tomás de Aquino aFARAONI, Alexandre10aSer protagonistalpor10aSer protagonista a4630 a2014